"Lietuvos Didžioji Kunigaikštystė XIII-XV a. viduryje" sieninis žemėlapis
| Titel: | "Lietuvos Didžioji Kunigaikštystė XIII-XV a. viduryje" sieninis žemėlapis |
|---|---|
| Verfasser: | |
| In: |
Geografijos metraštis, Band 31 (1998), Seite 508-510 alle Artikel anzeigen |
| Veröffentlicht: | 1998 |
| Format: | Aufsatz |
| Sprache: | Litauisch |
X
alg: 39293662 001A $01999:11-11-16 001B $01999:06-04-21 $t20:52:40.000 001C $06050:19-11-16 $t09:31:06.000 001D $01999:11-11-16 001U $0utf8 001X $00 002@ $0Aox 003@ $0392936623 007A $0392936623 $aHEB 007T $0Herde00649 010@ $alit 011@ $a1998 021A $a"Lietuvos Didžioji Kunigaikštystė XIII-XV a. viduryje" sieninis žemėlapis 027A $aDie Wandkarte "Das Großfürstentum Litauen vom 13. bis zur Mitte des 15. Jhs.". 028A $aBugorevičienė $dRegina 031A $d31 $h508-510 $j1998 037A $aVilnius 1997. 1:1.000.000. 140 x 165 cm. 039B $aIn $8--Abvc--. Geografijos metraštis. - Vilnius : Akad., 1981-. - ISSN 0132-3156 $x199800000310000492 $9048472980 045F $a911.4793 $eDDC23BSB 045F/01 $a911 045F/03 $g4793 045T $a14 046C $aDie Wandkarte "Das Großfürstentum Litauen vom 13. bis zur Mitte des 15. Jhs.". $bÜbers. des Hauptsacht. lok: 39293662 78 exp: 39293662 78 1 #EPN 201B/01 $006-10-20 $t22:43:58.000 201U/01 $0utf8 203@/01 $0789046903 208@/01 $a11-11-16 $be 209A/01 $a/ $f000 $x00 220C/01 $aTitelaufnehmer: pk 220C/01 $aHerkunft: Baltische Bibliographie / P. Kaegbein;LII Vilnius / Irena Tumelytė 244Z/01 $2Trx $#Litauen $#Lithuania $#Litwa $#Litva $#Litva $8--Trx--Lietuva $x01 $9391193457 244Z/01 $#Rzeczpospolita Obojga Narodów $#Litauen Großfürstentum $#Lietuva bis 1795 $#Wielkie Księstwo Litewskie $#Velikoe Knjažestvo Litovskoe $#Vjalikae Knjastva Litoŭskae $#Grossfürstentum Litauen $74499060-1 $8--Tg1--Großfürstentum Litauen $x02 $9089174828 244Z/01 $aGeschichte 1200-1450 $x03 244Z/01 $2Trx $#kartograafia $#kartografija $#Cartography $#kartográfia $#kartografia $#kartografia $#kartografie $8--Trx--Kartographie $x04 $9391357050 244Z/01 $2Trx $8--Trx--Zeitschriftenaufsatz $x05 $9391384341 245Z/01 $a04.08 $x01 247C/01 $82080>Marburg/Lahn, Herder-Institut, Forschungsbibliothek, Bibliographieportal $9336309341
| LEADER | 00000caa a22000002c 4500 | ||
|---|---|---|---|
| 001 | 392936623 | ||
| 003 | DE-603 | ||
| 005 | 20210406205240.0 | ||
| 007 | tu | ||
| 008 | 161111s1998 xx |||| | u00||u|lit c | ||
| 035 | |a (DE-599)HEB392936623 | ||
| 040 | |a DE-603 |b ger |c DE-603 |d DE-603 | ||
| 041 | |a lit | ||
| 082 | 0 | 4 | |8 1\u |a 911.4793 |q DE-101 |2 23/BSB |
| 084 | |a 14 |2 ssgn | ||
| 085 | |8 1\u |b 911 | ||
| 085 | |8 1\u |z 2 |s 4793 | ||
| 100 | 1 | |a Bugorevičienė, Regina | |
| 245 | 0 | 0 | |a "Lietuvos Didžioji Kunigaikštystė XIII-XV a. viduryje" sieninis žemėlapis |
| 246 | 1 | |i Übers. des Hauptsacht. |a Die Wandkarte "Das Großfürstentum Litauen vom 13. bis zur Mitte des 15. Jhs.". | |
| 246 | 1 | 3 | |a Die Wandkarte "Das Großfürstentum Litauen vom 13. bis zur Mitte des 15. Jhs.". |
| 264 | 0 | |c 1998 | |
| 500 | |a Vilnius 1997. 1:1.000.000. 140 x 165 cm. | ||
| 773 | 0 | 8 | |i In |t Geografijos metraštis |d Vilnius : Akad., 1981- |x 0132-3156 |g Band 31 (1998), Seite 508-510 |w (DE-603)048472980 |w (DE-600)990309-4 |
| 924 | 0 | |9 2080 |a (DE-603)789046903 |b DE-2080 |c HES |d d |g / | |


